[Event "Ch_SFO"]
[Site "?"]
[Date "2018.03.15"]
[Round "1.1"]
[White "Melnikova, Diana V"]
[Black "Maletina, Tatiana"]
[Result "0-1"]
[BlackElo "2214"]
[WhiteElo "1876"]
[LiveChessVersion "1.4.8"]

1. e4 {[%clk 1:30:30]} e6 {[%clk 1:30:51]} 2. d4 {[%clk 1:31:13]} d5
{[%clk 1:31:16]} 3. exd5 {[%clk 1:31:28]} exd5 {[%clk 1:31:42]} 4. Nf3
{[%clk 1:31:43]} Bd6 {[%clk 1:32:00]} 5. c4 {[%clk 1:31:40]} Nf6 {[%clk 1:30:24]}
6. Bd3 {[%clk 1:31:50]} dxc4 {[%clk 1:30:25]} 7. Bxc4 {[%clk 1:32:11]} O-O
{[%clk 1:30:39]} 8. O-O {[%clk 1:32:23]} h6 {[%clk 1:31:04]} 9. Nc3
{[%clk 1:32:22]} c6 {[%clk 1:30:37]} 10. h3 {[%clk 1:31:34]} Nbd7
{[%clk 1:31:02]} 11. Re1 {[%clk 1:30:54]} Nb6 {[%clk 1:27:35]} 12. Bb3
{[%clk 1:28:07]} Nbd5 {[%clk 1:25:14]} 13. a3 {[%clk 1:16:47]} Be6
{[%clk 1:24:27]} 14. Ne5 {[%clk 1:10:37]} Qb6 {[%clk 1:13:51]} 15. Nxd5
{[%clk 0:47:50]} Nxd5 {[%clk 1:10:33]} 16. Nc4 {[%clk 0:41:59]} Qc7
{[%clk 1:10:55]} 17. Nxd6 {[%clk 0:42:05]} Qxd6 {[%clk 1:11:19]} 18. Qd3
{[%clk 0:41:44]} Rad8 {[%clk 1:09:03]} 19. Be3 {[%clk 0:35:44]} Kh8
{[%clk 1:03:15]} 20. Bc2 {[%clk 0:34:45]} f5 {[%clk 1:03:35]} 21. Rad1
{[%clk 0:33:25]} Bg8 {[%clk 0:59:51]} 22. Bd2 {[%clk 0:23:56]} f4
{[%clk 0:44:44]} 23. Re5 {[%clk 0:14:36]} c5 {[%clk 0:43:41]} 24. Rde1
{[%clk 0:13:09]} Nf6 {[%clk 0:41:55]} 25. Rxc5 {[%clk 0:09:52]} Qxc5
{[%clk 0:39:28]} 26. dxc5 {[%clk 0:10:17]} Rxd3 {[%clk 0:39:54]} 27. Bxd3
{[%clk 0:10:42]} Rd8 {[%clk 0:40:22]} 28. Bxf4 {[%clk 0:10:04]} Rxd3
{[%clk 0:40:48]} 29. Rc1 {[%clk 0:08:34]} Bd5 {[%clk 0:41:04]} 30. f3
{[%clk 0:08:32]} Kg8 {[%clk 0:40:41]} 31. Kf2 {[%clk 0:08:49]} Bc6
{[%clk 0:40:15]} 32. Rc2 {[%clk 0:07:59]} a5 {[%clk 0:40:13]} 33. Re2
{[%clk 0:07:31]} a4 {[%clk 0:38:58]} 34. Re6 {[%clk 0:04:34]} Kf7
{[%clk 0:38:54]} 35. Re3 {[%clk 0:04:16]} Rd2+ {[%clk 0:36:37]} 36. Re2
{[%clk 0:04:38]} Rxe2+ {[%clk 0:36:54]} 37. Kxe2 {[%clk 0:05:04]} Ke6
{[%clk 0:36:51]} 38. Bd6 {[%clk 0:04:43]} Nd7 {[%clk 0:37:43]} 39. g3
{[%clk 0:04:27]} Kd5 {[%clk 0:38:05]} 40. f4 {[%clk 0:04:04]} b6 {[%clk 0:37:18]}
41. Bc7 {[%clk 0:03:29]} bxc5 {[%clk 0:37:43]} 42. Kd3 {[%clk 0:03:49]} Bb5+
{[%clk 0:36:25]} 43. Kc3 {[%clk 0:03:41]} Bf1 {[%clk 0:36:10]} 44. h4
{[%clk 0:03:51]} h5 {[%clk 0:36:29]} 45. b3 {[%clk 0:04:07]} axb3
{[%clk 0:35:58]} 46. Kxb3 {[%clk 0:04:32]} g6 {[%clk 0:36:15]} 47. a4
{[%clk 0:04:18]} Nf6 {[%clk 0:36:20]} 48. Kc2 {[%clk 0:03:24]} Ne4
{[%clk 0:36:35]} 49. g4 {[%clk 0:01:54]} hxg4 {[%clk 0:34:42]} 50. f5
{[%clk 0:01:23]} gxf5 {[%clk 0:35:03]} 51. h5 {[%clk 0:01:38]} Ke6
{[%clk 0:35:16]} 52. Bf4 {[%clk 0:01:11]} Kf6 {[%clk 0:34:31]} 53. Kd1
{[%clk 0:01:10]} g3 {[%clk 0:34:24]} 54. Ke1 {[%clk 0:01:10]} g2 {[%clk 0:34:49]}
55. Be3 {[%clk 0:01:28]} f4 {[%clk 0:34:45]} 56. Bg1 {[%clk 0:00:51]} Kg5
{[%clk 0:35:10]} 57. a5 {[%clk 0:01:00]} Kxh5 {[%clk 0:35:28]} 0-1

[Event "Ch_SFO"]
[Site "?"]
[Date "2018.03.15"]
[Round "1.2"]
[White "Anufrienko, Daria"]
[Black "Grekhneva, Yana"]
[Result "1-0"]
[BlackElo "1861"]
[WhiteElo "2161"]
[LiveChessVersion "1.4.8"]

1. e4 {[%clk 1:30:30]} c5 {[%clk 1:30:50]} 2. c3 {[%clk 1:30:56]} Nf6
{[%clk 1:31:09]} 3. e5 {[%clk 1:31:23]} Nd5 {[%clk 1:31:31]} 4. d4
{[%clk 1:31:49]} cxd4 {[%clk 1:31:54]} 5. Nf3 {[%clk 1:32:16]} Nc6
{[%clk 1:32:10]} 6. cxd4 {[%clk 1:32:41]} d6 {[%clk 1:32:26]} 7. Bc4
{[%clk 1:33:05]} Nb6 {[%clk 1:32:50]} 8. Bb5 {[%clk 1:33:31]} dxe5
{[%clk 1:32:48]} 9. Nxe5 {[%clk 1:33:53]} Bd7 {[%clk 1:33:05]} 10. Nxd7
{[%clk 1:34:18]} Qxd7 {[%clk 1:29:18]} 11. Nc3 {[%clk 1:34:41]} e6
{[%clk 1:26:29]} 12. O-O {[%clk 1:34:58]} Be7 {[%clk 1:23:27]} 13. Qg4
{[%clk 1:35:20]} O-O {[%clk 1:22:05]} 14. Bxc6 {[%clk 1:35:35]} bxc6
{[%clk 1:15:36]} 15. Bh6 {[%clk 1:35:32]} Bf6 {[%clk 1:14:40]} 16. Rfd1
{[%clk 1:35:56]} Qe7 {[%clk 1:05:11]} 17. Ne4 {[%clk 1:32:28]} Rfd8
{[%clk 1:03:02]} 18. Rac1 {[%clk 1:32:05]} Rac8 {[%clk 0:35:18]} 19. h4
{[%clk 1:32:21]} Rd5 {[%clk 0:31:07]} 20. Rc3 {[%clk 1:30:57]} Kh8
{[%clk 0:29:47]} 21. Rf3 {[%clk 1:27:42]} Rxd4 {[%clk 0:20:51]} 22. Rxd4
{[%clk 1:27:23]} Bxd4 {[%clk 0:21:15]} 23. Ng5 {[%clk 1:27:37]} Bf6
{[%clk 0:18:02]} 24. Bxg7+ {[%clk 1:27:27]} Kxg7 {[%clk 0:14:25]} 25. Ne4+
{[%clk 1:25:54]} Kh8 {[%clk 0:14:34]} 26. Nxf6 {[%clk 1:23:19]} Nd7
{[%clk 0:10:58]} 27. Nxd7 {[%clk 1:19:32]} Qxd7 {[%clk 0:10:42]} 28. Qg5
{[%clk 1:18:48]} Qd1+ {[%clk 0:07:57]} 29. Kh2 {[%clk 1:19:14]} Qd6+
{[%clk 0:07:40]} 30. Rg3 {[%clk 1:17:45]} Qd4 {[%clk 0:07:27]} 31. b3
{[%clk 1:14:21]} f5 {[%clk 0:04:20]} 32. h5 {[%clk 1:11:51]} Rd8 {[%clk 0:01:36]}
33. h6 {[%clk 1:08:26]} c5 {[%clk 0:01:01]} 34. Qe7 {[%clk 1:06:21]} 1-0

[Event "Ch_SFO"]
[Site "?"]
[Date "2018.03.15"]
[Round "1.3"]
[White "Kurbatskay, Lilia"]
[Black "Petrukhina, Olga"]
[Result "0-1"]
[BlackElo "2133"]
[WhiteElo "1856"]
[LiveChessVersion "1.4.8"]

1. d4 {[%clk 1:30:57]} e6 {[%clk 1:30:41]} 2. c4 {[%clk 1:31:11]} d5
{[%clk 1:31:10]} 3. Nf3 {[%clk 1:31:33]} Nf6 {[%clk 1:31:38]} 4. g3
{[%clk 1:31:51]} Be7 {[%clk 1:32:05]} 5. Bg2 {[%clk 1:32:15]} O-O
{[%clk 1:32:32]} 6. O-O {[%clk 1:32:38]} dxc4 {[%clk 1:33:00]} 7. a4
{[%clk 1:32:47]} Nc6 {[%clk 1:31:29]} 8. Nc3 {[%clk 1:31:41]} Na5
{[%clk 1:26:39]} 9. e3 {[%clk 1:23:14]} Bd7 {[%clk 1:19:28]} 10. Nd2
{[%clk 1:20:25]} c5 {[%clk 1:12:36]} 11. Qe2 {[%clk 1:09:49]} cxd4
{[%clk 1:07:03]} 12. exd4 {[%clk 1:10:13]} Rc8 {[%clk 0:53:18]} 13. Rd1
{[%clk 1:06:51]} Bc6 {[%clk 0:51:18]} 14. Bxc6 {[%clk 1:06:14]} Rxc6
{[%clk 0:51:34]} 15. Nf3 {[%clk 1:05:37]} Nd5 {[%clk 0:37:45]} 16. Ne5
{[%clk 1:03:46]} Rc8 {[%clk 0:34:54]} 17. Rb1 {[%clk 1:00:40]} Qe8
{[%clk 0:24:20]} 18. Bd2 {[%clk 0:57:15]} Nb3 {[%clk 0:22:30]} 19. Nxc4
{[%clk 0:51:38]} Nxd2 {[%clk 0:12:31]} 20. Nxd2 {[%clk 0:49:03]} Rxc3
{[%clk 0:12:18]} 21. bxc3 {[%clk 0:49:07]} Nxc3 {[%clk 0:12:47]} 22. Qf3
{[%clk 0:48:38]} Nxd1 {[%clk 0:11:56]} 23. Qxd1 {[%clk 0:48:56]} Qd7
{[%clk 0:11:30]} 24. Nf3 {[%clk 0:48:29]} Bf6 {[%clk 0:05:03]} 25. Qb3
{[%clk 0:43:37]} b6 {[%clk 0:04:35]} 26. Rd1 {[%clk 0:43:13]} Rd8
{[%clk 0:04:51]} 27. Qc4 {[%clk 0:39:10]} g6 {[%clk 0:04:53]} 28. Qb3
{[%clk 0:36:56]} Qd5 {[%clk 0:05:03]} 29. Qxd5 {[%clk 0:36:46]} Rxd5
{[%clk 0:05:32]} 30. Rd2 {[%clk 0:36:50]} Ra5 {[%clk 0:05:37]} 31. Ra2
{[%clk 0:36:28]} b5 {[%clk 0:05:25]} 32. Rb2 {[%clk 0:36:48]} bxa4
{[%clk 0:05:17]} 33. Ra2 {[%clk 0:36:59]} a3 {[%clk 0:04:44]} 34. Kf1
{[%clk 0:36:37]} Kf8 {[%clk 0:02:57]} 35. Ke2 {[%clk 0:37:01]} Ke7
{[%clk 0:03:26]} 36. Kd3 {[%clk 0:37:17]} h5 {[%clk 0:02:03]} 37. Kc4
{[%clk 0:37:17]} Kd6 {[%clk 0:01:20]} 38. Kb4 {[%clk 0:35:12]} Ra6
{[%clk 0:01:46]} 39. Kc4 {[%clk 0:34:15]} g5 {[%clk 0:01:39]} 40. Kb5
{[%clk 0:33:40]} Rb6+ {[%clk 0:01:45]} 41. Kc4 {[%clk 0:33:48]} Ra6
{[%clk 0:01:01]} 42. Kb5 {[%clk 0:34:04]} Rb6+ {[%clk 0:01:30]} 43. Kc4
{[%clk 0:34:23]} Rc6+ {[%clk 0:01:07]} 44. Kd3 {[%clk 0:30:52]} Ra6
{[%clk 0:01:32]} 45. Kc4 {[%clk 0:30:53]} g4 {[%clk 0:01:16]} 46. Nd2
{[%clk 0:31:00]} Ra4+ {[%clk 0:00:56]} 47. Kb3 {[%clk 0:30:25]} Rxd4
{[%clk 0:01:04]} 48. Nc4+ {[%clk 0:30:11]} Kc5 {[%clk 0:00:56]} 49. Nxa3
{[%clk 0:29:29]} Rb4+ {[%clk 0:00:47]} 50. Kc2 {[%clk 0:29:16]} a5
{[%clk 0:01:00]} 51. Nb1 {[%clk 0:29:12]} a4 {[%clk 0:00:48]} 52. Nd2
{[%clk 0:29:14]} Be5 {[%clk 0:00:43]} 53. Kd3 {[%clk 0:29:03]} Rd4+
{[%clk 0:00:48]} 54. Ke3 {[%clk 0:29:08]} Kb4 {[%clk 0:00:46]} 55. f4
{[%clk 0:28:54]} Bg7 {[%clk 0:00:48]} 56. Ke2 {[%clk 0:28:34]} a3
{[%clk 0:00:46]} 57. Nb1 {[%clk 0:27:54]} Re4+ {[%clk 0:00:47]} 58. Kd3
{[%clk 0:27:02]} Re1 {[%clk 0:01:01]} 59. Rxa3 {[%clk 0:26:29]} Rxb1
{[%clk 0:01:14]} 60. Ra7 {[%clk 0:26:50]} Rd1+ {[%clk 0:01:10]} 61. Ke2
{[%clk 0:26:49]} Rh1 {[%clk 0:01:13]} 62. Rxf7 {[%clk 0:27:05]} Rxh2+
{[%clk 0:01:19]} 63. Ke3 {[%clk 0:27:19]} Bc3 {[%clk 0:01:16]} 64. Rh7
{[%clk 0:26:43]} Be1 {[%clk 0:00:57]} 65. Kd4 0-1

[Event "Ch_SFO"]
[Site "?"]
[Date "2018.03.15"]
[Round "1.4"]
[White "Yanuchenko, Polina"]
[Black "Zavgorodneva, Ekaterina"]
[Result "1-0"]
[BlackElo "1722"]
[WhiteElo "2105"]
[LiveChessVersion "1.4.8"]

1. d4 {[%clk 1:30:56]} d5 {[%clk 1:30:48]} 2. c4 {[%clk 1:31:12]} c6
{[%clk 1:31:12]} 3. Nf3 {[%clk 1:30:37]} Nf6 {[%clk 1:31:23]} 4. e3
{[%clk 1:30:39]} Bf5 {[%clk 1:30:51]} 5. Nc3 {[%clk 1:30:00]} e6 {[%clk 1:31:00]}
6. Bd3 {[%clk 1:21:53]} Bxd3 {[%clk 1:30:49]} 7. Qxd3 {[%clk 1:22:18]} Bd6
{[%clk 1:25:08]} 8. O-O {[%clk 1:21:24]} Nbd7 {[%clk 1:23:15]} 9. Rb1
{[%clk 1:17:41]} O-O {[%clk 0:57:51]} 10. b4 {[%clk 1:06:15]} a6 {[%clk 0:57:51]}
11. e4 {[%clk 1:06:15]} dxe4 {[%clk 0:19:16]} 12. Nxe4 {[%clk 0:46:34]} Nxe4
{[%clk 0:12:51]} 13. Qxe4 {[%clk 0:46:58]} Nf6 {[%clk 0:07:08]} 14. Qc2
{[%clk 0:43:12]} h6 {[%clk 0:05:42]} 15. a4 {[%clk 0:40:01]} b5 {[%clk 0:02:24]}
16. Ne5 {[%clk 0:34:19]} Bxe5 {[%clk 0:02:22]} 17. dxe5 {[%clk 0:34:44]} Nd7
{[%clk 0:01:59]} 18. Re1 {[%clk 0:30:38]} Qe7 {[%clk 0:00:35]} 19. Rb3
{[%clk 0:27:47]} Rac8 {[%clk 0:00:34]} 20. c5 {[%clk 0:24:58]} Rfd8
{[%clk 0:00:38]} 21. Rg3 {[%clk 0:21:16]} Kh8 {[%clk 0:00:51]} 22. Qe4
{[%clk 0:15:31]} Qf8 {[%clk 0:00:41]} 23. axb5 {[%clk 0:14:05]} axb5
{[%clk 0:01:03]} 24. Rd3 {[%clk 0:12:00]} Nb8 {[%clk 0:00:53]} 25. Rd6
{[%clk 0:11:18]} Qe7 {[%clk 0:00:43]} 26. Red1 {[%clk 0:10:36]} Qf8
{[%clk 0:00:34]} 27. Qh4 {[%clk 0:08:25]} Re8 {[%clk 0:00:38]} 28. R1d3
{[%clk 0:07:18]} Qe7 {[%clk 0:00:33]} 29. Qh5 {[%clk 0:06:08]} Qf8
{[%clk 0:00:38]} 30. Rh3 {[%clk 0:04:47]} Re7 {[%clk 0:00:38]} 31. g4
{[%clk 0:04:08]} Ra7 {[%clk 0:00:37]} 32. Kg2 {[%clk 0:04:07]} Ra1
{[%clk 0:00:36]} 33. Be3 {[%clk 0:03:11]} Rb1 {[%clk 0:00:37]} 34. Bd2
{[%clk 0:03:06]} Rb2 {[%clk 0:00:38]} 35. g5 {[%clk 0:02:49]} g6 {[%clk 0:00:36]}
36. Qxh6+ {[%clk 0:01:20]} Qxh6 {[%clk 0:00:58]} 37. Rxh6+ {[%clk 0:01:48]} Kg7
{[%clk 0:01:18]} 38. Rh4 {[%clk 0:01:58]} Na6 {[%clk 0:00:55]} 39. Rf4
{[%clk 0:01:50]} Nb8 {[%clk 0:00:38]} 40. h4 {[%clk 0:01:47]} Na6
{[%clk 0:00:38]} 41. Rd7 {[%clk 0:01:50]} Rf8 {[%clk 0:00:37]} 42. Kf3
{[%clk 0:01:08]} Kg8 {[%clk 0:00:36]} 43. Kg4 {[%clk 0:01:11]} Nb8
{[%clk 0:00:34]} 44. Rd6 {[%clk 0:01:24]} Re8 {[%clk 0:00:34]} 45. h5
{[%clk 0:01:00]} gxh5+ {[%clk 0:00:52]} 46. Kxh5 {[%clk 0:01:28]} Rb1
{[%clk 0:00:41]} 47. Rf6 {[%clk 0:01:03]} Rh1+ {[%clk 0:00:42]} 48. Kg4
{[%clk 0:01:28]} Kg7 {[%clk 0:00:40]} 49. f4 {[%clk 0:01:10]} Rg1+
{[%clk 0:00:41]} 50. Kf3 {[%clk 0:01:32]} Rh8 {[%clk 0:00:38]} 51. Rh6
{[%clk 0:01:30]} Rh1 {[%clk 0:00:34]} 52. Rxh8 {[%clk 0:01:33]} Rxh8
{[%clk 0:00:37]} 53. f5 {[%clk 0:01:41]} Re8 {[%clk 0:00:37]} 54. Kf4
{[%clk 0:00:57]} Kf8 {[%clk 0:00:37]} 55. fxe6 {[%clk 0:00:40]} Rxe6
{[%clk 0:00:36]} 56. Kf5 {[%clk 0:00:49]} Re8 {[%clk 0:00:42]} 57. Kf6
{[%clk 0:00:42]} Rc8 {[%clk 0:00:43]} 58. e6 {[%clk 0:00:42]} fxe6
{[%clk 0:01:11]} 59. Kxe6 {[%clk 0:01:07]} Kg7 {[%clk 0:00:44]} 60. Bc3+
{[%clk 0:01:08]} Kg8 {[%clk 0:00:37]} 61. Bf6 {[%clk 0:01:09]} Re8+
{[%clk 0:00:34]} 62. Be7 {[%clk 0:00:57]} Kg7 {[%clk 0:00:42]} 63. Rd8
{[%clk 0:01:08]} Rxd8 {[%clk 0:00:44]} 64. Bxd8 {[%clk 0:01:33]} Kf8
{[%clk 0:00:39]} 65. Kd6 {[%clk 0:01:39]} Ke8 {[%clk 0:00:50]} 66. Ba5
{[%clk 0:01:50]} Nd7 {[%clk 0:00:55]} 67. Kxc6 {[%clk 0:02:11]} 1-0

[Event "Ch_SFO"]
[Site "?"]
[Date "2018.03.15"]
[Round "1.5"]
[White "Dashiev, Kim"]
[Black "Bocharov, Ivan"]
[Result "0-1"]
[BlackElo "2530"]
[WhiteElo "2055"]
[LiveChessVersion "1.4.8"]

1. Nf3 {[%clk 1:30:55]} Nf6 {[%clk 1:30:55]} 2. c4 {[%clk 1:31:14]} e6
{[%clk 1:31:19]} 3. Nc3 {[%clk 1:31:32]} d5 {[%clk 1:31:43]} 4. e3
{[%clk 1:31:29]} Be7 {[%clk 1:31:45]} 5. d4 {[%clk 1:31:22]} O-O {[%clk 1:31:55]}
6. Bd3 {[%clk 1:31:07]} b6 {[%clk 1:28:54]} 7. O-O {[%clk 1:29:39]} Bb7
{[%clk 1:28:43]} 8. cxd5 {[%clk 1:28:55]} exd5 {[%clk 1:29:01]} 9. Ne5
{[%clk 1:28:12]} c5 {[%clk 1:29:09]} 10. Qf3 {[%clk 1:24:03]} Nc6
{[%clk 1:24:10]} 11. Rd1 {[%clk 1:17:19]} Qc7 {[%clk 1:22:22]} 12. Ng4
{[%clk 1:09:42]} Nxg4 {[%clk 1:21:15]} 13. Qxg4 {[%clk 1:09:26]} Rad8
{[%clk 1:19:28]} 14. Qh3 {[%clk 1:01:15]} g6 {[%clk 1:18:24]} 15. dxc5
{[%clk 1:01:20]} Bxc5 {[%clk 1:14:23]} 16. e4 {[%clk 0:59:00]} Nb4
{[%clk 1:07:30]} 17. exd5 {[%clk 0:56:59]} Nxd5 {[%clk 0:59:46]} 18. Bh6
{[%clk 0:49:51]} Nxc3 {[%clk 0:56:54]} 19. bxc3 {[%clk 0:48:58]} Rfe8
{[%clk 0:57:13]} 20. Bb5 {[%clk 0:48:07]} Bxf2+ {[%clk 0:52:32]} 21. Kxf2
{[%clk 0:46:12]} Qc5+ {[%clk 0:52:43]} 22. Be3 {[%clk 0:45:19]} Qxb5
{[%clk 0:52:42]} 23. Kg1 {[%clk 0:33:38]} Rxd1+ {[%clk 0:52:37]} 24. Rxd1
{[%clk 0:34:04]} Qe2 {[%clk 0:53:05]} 0-1

[Event "Ch_SFO"]
[Site "?"]
[Date "2018.03.15"]
[Round "1.6"]
[White "Belozerov, Andrei"]
[Black "Khubukshanov, Erdem"]
[Result "1-0"]
[BlackElo "2046"]
[WhiteElo "2526"]
[LiveChessVersion "1.4.8"]

1. c4 {[%clk 1:30:56]} e5 {[%clk 1:30:48]} 2. g3 {[%clk 1:31:19]} Nf6
{[%clk 1:31:09]} 3. Bg2 {[%clk 1:31:42]} d5 {[%clk 1:31:12]} 4. cxd5
{[%clk 1:31:58]} Nxd5 {[%clk 1:31:36]} 5. Nc3 {[%clk 1:32:20]} Nb6
{[%clk 1:31:59]} 6. Nf3 {[%clk 1:32:40]} Nc6 {[%clk 1:32:11]} 7. O-O
{[%clk 1:33:00]} Be7 {[%clk 1:32:08]} 8. a3 {[%clk 1:33:18]} O-O {[%clk 1:32:29]}
9. b4 {[%clk 1:33:38]} Be6 {[%clk 1:32:47]} 10. Rb1 {[%clk 1:33:48]} f6
{[%clk 1:31:22]} 11. d3 {[%clk 1:33:57]} Kh8 {[%clk 1:21:43]} 12. Ne4
{[%clk 1:28:44]} Bg8 {[%clk 1:14:51]} 13. Nc5 {[%clk 1:26:10]} Qc8
{[%clk 1:10:52]} 14. Bb2 {[%clk 1:25:20]} a5 {[%clk 1:08:49]} 15. Nd2
{[%clk 1:16:35]} axb4 {[%clk 1:00:24]} 16. axb4 {[%clk 1:16:06]} Nd5
{[%clk 0:58:38]} 17. b5 {[%clk 1:15:29]} Nd4 {[%clk 0:56:00]} 18. Nce4
{[%clk 1:05:46]} Nxb5 {[%clk 0:49:35]} 19. Nc4 {[%clk 1:05:48]} Qe8
{[%clk 0:48:46]} 20. Qc2 {[%clk 1:02:45]} c6 {[%clk 0:39:33]} 21. Rfc1
{[%clk 1:02:20]} Qh5 {[%clk 0:32:52]} 22. Bf3 {[%clk 0:59:54]} Qh6
{[%clk 0:28:19]} 23. Qd1 {[%clk 0:58:40]} Rfd8 {[%clk 0:24:35]} 24. Qf1
{[%clk 0:55:02]} Be6 {[%clk 0:13:17]} 25. h4 {[%clk 0:54:57]} Nbc7
{[%clk 0:11:04]} 26. Rc2 {[%clk 0:52:28]} b5 {[%clk 0:09:24]} 27. Nxe5
{[%clk 0:43:23]} fxe5 {[%clk 0:09:36]} 28. Rxc6 {[%clk 0:43:40]} Ra6
{[%clk 0:02:03]} 29. Rxa6 {[%clk 0:36:04]} Nxa6 {[%clk 0:02:26]} 30. Bc1
{[%clk 0:36:19]} Qg6 {[%clk 0:02:48]} 31. Rxb5 {[%clk 0:36:38]} Bxh4
{[%clk 0:02:09]} 32. Bb2 {[%clk 0:36:05]} Nac7 {[%clk 0:01:46]} 33. Rc5
{[%clk 0:33:37]} Be7 {[%clk 0:01:29]} 34. Rc6 {[%clk 0:33:37]} Qf5
{[%clk 0:00:39]} 35. Qc1 {[%clk 0:32:08]} Rd7 {[%clk 0:01:03]} 36. Nc5
{[%clk 0:30:10]} Bxc5 {[%clk 0:00:54]} 37. Qxc5 {[%clk 0:30:29]} h6
{[%clk 0:00:45]} 38. Be4 {[%clk 0:30:35]} Qf6 {[%clk 0:00:39]} 39. f4
{[%clk 0:30:34]} Qe7 {[%clk 0:00:34]} 40. Bxe5 {[%clk 0:30:02]} Qxc5+
{[%clk 0:00:45]} 41. Rxc5 {[%clk 0:30:30]} Ne8 {[%clk 0:00:39]} 42. Rc8
{[%clk 0:29:02]} Re7 {[%clk 0:01:01]} 43. Rd8 {[%clk 0:29:25]} Ndf6
{[%clk 0:00:39]} 44. Bg6 {[%clk 0:29:06]} Bg8 1-0

[Event "Ch_SFO"]
[Site "?"]
[Date "2018.03.15"]
[Round "1.7"]
[White "Kanzychakov, Mihail"]
[Black "Tsydypov, Zhamsaran"]
[Result "0-1"]
[BlackElo "2523"]
[WhiteElo "2021"]
[LiveChessVersion "1.4.8"]

1. e4 {[%clk 1:30:52]} d6 {[%clk 1:30:52]} 2. d4 {[%clk 1:30:45]} Nf6
{[%clk 1:31:08]} 3. Bd3 {[%clk 1:30:46]} e5 {[%clk 1:31:28]} 4. c3
{[%clk 1:29:36]} Nc6 {[%clk 1:30:14]} 5. Ne2 {[%clk 1:27:22]} g6 {[%clk 1:29:37]}
6. d5 {[%clk 1:27:01]} Ne7 {[%clk 1:28:39]} 7. f3 {[%clk 1:26:14]} Bg7
{[%clk 1:29:01]} 8. Be3 {[%clk 1:25:59]} O-O {[%clk 1:28:42]} 9. Qd2
{[%clk 1:25:52]} c6 {[%clk 1:27:56]} 10. c4 {[%clk 1:25:50]} b5 {[%clk 1:25:41]}
11. dxc6 {[%clk 1:20:08]} bxc4 {[%clk 1:25:06]} 12. Bxc4 {[%clk 1:20:12]} Nxc6
{[%clk 1:25:23]} 13. Nbc3 {[%clk 1:19:30]} Na5 {[%clk 1:25:11]} 14. Bb5
{[%clk 1:13:42]} a6 {[%clk 1:23:47]} 15. Bd3 {[%clk 1:14:10]} Be6
{[%clk 1:23:56]} 16. g4 {[%clk 1:07:44]} d5 {[%clk 1:23:59]} 17. Bg5
{[%clk 1:05:28]} d4 {[%clk 1:22:50]} 18. Nd1 {[%clk 1:01:38]} h6 {[%clk 1:15:11]}
19. Bxh6 {[%clk 0:52:14]} Nxe4 {[%clk 1:13:31]} 20. fxe4 {[%clk 0:51:04]} Qh4+
{[%clk 1:13:22]} 21. Nf2 {[%clk 0:50:51]} Nb3 {[%clk 1:06:27]} 22. Qg5
{[%clk 0:43:14]} Qxg5 {[%clk 1:05:49]} 23. Bxg5 {[%clk 0:43:42]} Nxa1
{[%clk 1:06:11]} 24. O-O {[%clk 0:44:10]} f6 {[%clk 1:01:52]} 25. Bd2
{[%clk 0:41:41]} Rfb8 {[%clk 1:02:08]} 26. b4 {[%clk 0:38:46]} a5
{[%clk 1:01:28]} 27. b5 {[%clk 0:34:41]} Nc2 {[%clk 1:00:02]} 28. Bxc2
{[%clk 0:33:35]} Rxb5 {[%clk 1:00:11]} 29. Rb1 {[%clk 0:23:37]} Rxb1+
{[%clk 0:57:56]} 30. Bxb1 {[%clk 0:23:25]} Rb8 {[%clk 0:57:59]} 31. Bd3
{[%clk 0:22:53]} a4 {[%clk 0:58:28]} 32. Nc1 {[%clk 0:20:54]} Rb2
{[%clk 0:58:33]} 33. Ba5 {[%clk 0:20:14]} Bh6 {[%clk 0:58:52]} 34. Nd1
{[%clk 0:19:39]} Rb7 {[%clk 0:55:34]} 0-1

[Event "Ch_SFO"]
[Site "?"]
[Date "2018.03.15"]
[Round "1.8"]
[White "Sviridov, Valery"]
[Black "Batalov, Aleksandr"]
[Result "1-0"]
[BlackElo "2014"]
[WhiteElo "2506"]
[LiveChessVersion "1.4.8"]

1. Nf3 {[%clk 1:30:56]} Nf6 {[%clk 1:30:53]} 2. g3 {[%clk 1:31:16]} d5
{[%clk 1:31:12]} 3. Bg2 {[%clk 1:31:37]} g6 {[%clk 1:31:29]} 4. O-O
{[%clk 1:31:55]} Bg7 {[%clk 1:31:54]} 5. d3 {[%clk 1:32:11]} O-O {[%clk 1:32:01]}
6. Nbd2 {[%clk 1:32:32]} c6 {[%clk 1:30:38]} 7. e4 {[%clk 1:32:42]} Bg4
{[%clk 1:29:58]} 8. Qe2 {[%clk 1:32:07]} Nbd7 {[%clk 1:24:14]} 9. e5
{[%clk 1:30:58]} Ne8 {[%clk 1:24:25]} 10. h3 {[%clk 1:31:18]} Bxf3
{[%clk 1:24:39]} 11. Nxf3 {[%clk 1:31:42]} Nc7 {[%clk 1:24:07]} 12. h4
{[%clk 1:31:34]} h5 {[%clk 1:12:20]} 13. d4 {[%clk 1:29:24]} Re8 {[%clk 1:09:47]}
14. Bh3 {[%clk 1:25:40]} Nf8 {[%clk 1:09:06]} 15. g4 {[%clk 1:23:37]} hxg4
{[%clk 1:08:47]} 16. Bxg4 {[%clk 1:24:00]} Nh7 {[%clk 0:58:37]} 17. h5
{[%clk 1:18:53]} e6 {[%clk 0:50:34]} 18. hxg6 {[%clk 1:14:25]} fxg6
{[%clk 0:50:14]} 19. Qd3 {[%clk 1:14:26]} Nf8 {[%clk 0:46:43]} 20. Kg2
{[%clk 1:11:34]} Qd7 {[%clk 0:46:22]} 21. Ng5 {[%clk 1:10:55]} b6
{[%clk 0:43:51]} 22. Rh1 {[%clk 1:11:03]} c5 {[%clk 0:43:02]} 23. c3
{[%clk 1:11:21]} Rac8 {[%clk 0:38:20]} 24. Bd2 {[%clk 1:09:48]} Qb5
{[%clk 0:36:41]} 25. Qf3 {[%clk 1:10:03]} Re7 {[%clk 0:35:15]} 26. b3
{[%clk 1:10:21]} Qe8 {[%clk 0:31:55]} 27. Rh4 {[%clk 1:10:30]} Nb5
{[%clk 0:30:49]} 28. Rah1 {[%clk 1:04:29]} cxd4 {[%clk 0:26:47]} 29. Qh3
{[%clk 1:04:42]} 1-0

[Event "Ch_SFO"]
[Site "?"]
[Date "2018.03.15"]
[Round "1.9"]
[White "Telelyaev, Alexander"]
[Black "Khegay, Dmitriy"]
[Result "0-1"]
[BlackElo "2485"]
[WhiteElo "2009"]
[LiveChessVersion "1.4.8"]

1. d4 {[%clk 1:30:30]} d5 {[%clk 1:29:48]} 2. Bg5 {[%clk 1:30:41]} f6
{[%clk 1:30:11]} 3. Bh4 {[%clk 1:30:39]} Nh6 {[%clk 1:30:13]} 4. f3
{[%clk 1:28:28]} c5 {[%clk 1:29:39]} 5. c3 {[%clk 1:27:20]} Nc6 {[%clk 1:28:19]}
6. e3 {[%clk 1:26:55]} e5 {[%clk 1:22:56]} 7. dxe5 {[%clk 1:16:58]} Nxe5
{[%clk 1:23:20]} 8. Bf2 {[%clk 1:08:36]} Be7 {[%clk 1:23:36]} 9. Nh3
{[%clk 1:07:18]} Bxh3 {[%clk 1:23:14]} 10. gxh3 {[%clk 1:07:42]} O-O
{[%clk 1:23:39]} 11. f4 {[%clk 1:07:40]} Nc4 {[%clk 1:23:51]} 12. b3
{[%clk 1:07:58]} Nb6 {[%clk 1:24:14]} 13. Bd3 {[%clk 1:01:34]} f5
{[%clk 1:23:28]} 14. Qh5 {[%clk 1:01:16]} Bf6 {[%clk 1:22:21]} 15. Rg1
{[%clk 0:56:28]} Kh8 {[%clk 1:22:41]} 16. Kf1 {[%clk 0:54:11]} Qe8
{[%clk 1:19:30]} 17. Qxe8 {[%clk 0:48:00]} Rfxe8 {[%clk 1:19:46]} 18. Kg2
{[%clk 0:47:19]} Rad8 {[%clk 1:19:47]} 19. Rc1 {[%clk 0:47:22]} Nc8
{[%clk 1:19:18]} 20. Nd2 {[%clk 0:46:04]} Nd6 {[%clk 1:19:43]} 21. Rc2
{[%clk 0:44:58]} b5 {[%clk 1:17:12]} 22. Rd1 {[%clk 0:43:50]} a6 {[%clk 1:17:04]}
23. Be2 {[%clk 0:43:51]} Ng8 {[%clk 1:13:03]} 24. Nf3 {[%clk 0:29:32]} Ne4
{[%clk 1:11:36]} 25. Be1 {[%clk 0:29:45]} Ne7 {[%clk 1:11:26]} 26. h4
{[%clk 0:24:11]} Nc6 {[%clk 1:10:51]} 27. Ng5 {[%clk 0:24:14]} Bxg5
{[%clk 1:06:28]} 28. hxg5 {[%clk 0:24:26]} c4 {[%clk 1:06:52]} 29. b4 d4
{[%clk 1:05:45]} 30. cxd4 {[%clk 0:22:54]} Ne7 {[%clk 1:06:08]} 31. Bf3
{[%clk 0:18:27]} Nd5 {[%clk 1:06:31]} 32. Bd2 {[%clk 0:17:58]} Kg8
{[%clk 0:56:59]} 33. a3 {[%clk 0:16:53]} Nxd2 {[%clk 0:57:09]} 34. Bxd5+
{[%clk 0:17:05]} Rxd5 {[%clk 0:57:35]} 35. Rcxd2 0-1